| 000 | 00621cam a2200193 4500 | ||
|---|---|---|---|
| 001 | WB3606-11 | ||
| 008 | 000000n2000 000 0 eng u | ||
| 035 | _a(Sirsi) u104071 | ||
| 245 | _aThere's more room on top | ||
| 260 | _c2000 | ||
| 490 |
_aSunday Business _v6 February 2000, 41(1) |
||
| 520 | _aLooks at the potential for additional space which penthouses can offer, and a company called First Penthouse, which offers prefabricated penthouse units. | ||
| 590 | _aWB | ||
| 650 | _aPENTHOUSES | ||
| 650 | _aPREFABRICATION | ||
| 650 | _aRESIDENTIAL DEVELOPMENT | ||
| 690 | _aHOUSING-DEVELOPMENT | ||
| 942 | _n0 | ||
| 999 |
_c62451 _d62451 |
||